Online
Catalog

Guía turística de la Costa Norte de la República Dominicana. / (Record no. 58520)

MARC details
000 -CABECERA
campo de control de longitud fija 01070nam a2200277 i 4500
003 - IDENTIFICADOR DEL NÚMERO DE CONTROL
campo de control DO-SdBNP
005 - FECHA Y HORA DE LA ÚLTIMA TRANSACCIÓN
campo de control 20250321110846.0
007 - CAMPO FIJO DE DESCRIPCIÓN FÍSICA--INFORMACIÓN GENERAL
campo de control de longitud fija ta
008 - DATOS DE LONGITUD FIJA--INFORMACIÓN GENERAL
campo de control de longitud fija 250321e200u dr aob 000 0 spa d
040 ## - FUENTE DE LA CATALOGACIÓN
Centro catalogador/agencia de origen DO-SdBNP
Lengua de catalogación spa
Centro/agencia transcriptor BNPHU
Normas de descripción rda
082 #4 - NÚMERO DE LA CLASIFICACIÓN DECIMAL DEWEY
Número de clasificación xxx
Número de documento/Ítem G943
Número de edición 22
100 ## - ENTRADA PRINCIPAL--NOMBRE DE PERSONA
Nombre de persona Álvarez Gautier, Virginia,
Fechas asociadas al nombre 1953-
Término indicativo de función/relación autora
Código de función/relación aut.
9 (RLIN) 81341
245 10 - MENCIÓN DE TÍTULO
Título Guía turística de la Costa Norte de la República Dominicana. /
Mención de responsabilidad, etc. Virginia Alvarez Gautier; fotografías, Ricardo Briones
246 13 - FORMA VARIANTE DE TÍTULO
Título propio/Titulo breve La Costa Norte, República Dominicana /
264 #1 - PRODUCCIÓN, PUBLICACIÓN, DISTRIBUCIÓN, FABRICACIÓN Y COPYRIGHT
Producción, publicación, distribución, fabricación y copyright Santo Domingo :
Nombre del de productor, editor, distribuidor, fabricante Secretaría de Estado de Turismo,
Fecha de producción, publicación, distribución, fabricación o copyright 200-.
300 ## - DESCRIPCIÓN FÍSICA
Extensión 57 páginas :
Otras características físicas Ilustraciones, fotografías, mapas ;
Dimensiones 20 cm
336 ## - TIPO DE CONTENIDO
Término de tipo de contenido texto
Código de tipo de contenido txt
Fuente rdaconten
337 ## - TIPO DE MEDIO
Nombre/término del tipo de medio sin medición
Código del tipo de medio n
Fuente rdamedia
338 ## - TIPO DE SOPORTE
Nombre/término del tipo de soporte volumen
Código del tipo de soporte nc
Fuente rdacarrier
490 1# - MENCIÓN DE SERIE
Mención de serie Guía Turística
505 ## - NOTA DE CONTENIDO CON FORMATO
Título Monte Cristi --
-- Puerto Plata --
-- Espaillat --
-- María Trinidad Sánchez --
-- Samaná /
590 ## - NOTA LOCAL (RLIN)
Nota local Inventariado, 2025/ YL
700 1# - PUNTO DE ACCESO ADICIONAL--NOMBRE DE PERSONA
9 (RLIN) 29826
Nombre de persona Briones, Ricardo,
Término indicativo de función/relación fotografías
Código de función/relación fot.
910 ## - DATOS DE OPCIÓN DEL USUARIO (OCLC)
Datos de opción del usuario YLockward
942 ## - ELEMENTOS DE PUNTO DE ACCESO ADICIONAL (KOHA)
Fuente del sistema de clasificación o colocación Dewey Decimal Classification
Tipo de ítem Koha Libro
Holdings
Estado de retiro Estado de pérdida Fuente del sistema de clasificación o colocación Restricciones de uso No para préstamo Código de colección Localización permanente Ubicación/localización actual Ubicación en estantería Fecha de adquisición Fuente de adquisición Total de préstamos Signatura topográfica completa Código de barras Fecha visto por última vez Precio válido a partir de Tipo de ítem Koha
    Dewey Decimal Classification Excluido de préstamo   Patrimonio Dominicano Biblioteca Nacional Pedro Henríquez Ureña Biblioteca Nacional Pedro Henríquez Ureña En catalogación 22.11.2023 Donado por Mónica Despradel   BNPHU PD xxx G943 2025-2240 21.03.2025 21.03.2025 Libro

Powered by Koha